• 首页
  • 本馆介绍
  • 公告通知
  • 最新文献
  • 馆藏检索
  • 电子资源
  • 读者导购
  • 参考咨询
  • 我的图书馆
  • 登录
  • 详细信息显示
  • 放入我的书架
  • 预约/预借图书
  • 作者相关作品
  • 分类相关作品
  • 丛书相关作品
  • 出版社相关作品

书目信息

  • 表格格式
  • 工作单格式
  • 卡片格式
题名:
钢琴综合教程 二
    
 
作者: 王铠 , 李蘋菁 编选
分册:  
出版信息: 广州   花城出版社  1999.05
页数: 135页
开本: 26cm
丛书名:
单 册:
中图分类: J624.16
科图分类:
主题词: 钢琴--奏法--教材 , 钢琴 , 奏法
电子资源:
ISBN: 7-5360-2995-0
000 00792nam0 2200265 450
001 073000002517
005 20040411150427.0
010    @a7-5360-2995-0@dCNY15.00
100    @a20040411d1999 em y0chiy0120 ea
101 0  @achi
102    @aCN@b440000
105    @ag z 000yy
200 1  @a钢琴综合教程 二@Agang qin zong he jiao cheng er@f王铠,李蘋菁编选@Fwang kai,li ping jing bian xuan
210    @a广州@c花城出版社@d1999.05
215    @a135页@d26cm
606 0  @a钢琴@x奏法@j教材
606 0  @a钢琴
606 0  @a奏法
690    @aJ624.16@v4
701  0 @a王铠@Awang kai@4编选
701  0 @a李蘋菁@ALi Pin Jing@4编选
801  2 @aCN@bHX@c20040411
905    @aBZT@dJ624.16@e1-2@f6
906    @dCNY15.00@n0@r1
999    @tC@Awangzhen@a20040411 15:04:24@Iwangzhen@i20040411 15:04:27
    
    钢琴综合教程 二/王铠,李蘋菁编选.-广州:花城出版社,1999.05
    135页;26cm
    
    
    ISBN 7-5360-2995-0:CNY15.00
    
●
相关链接 在五车中查询图书 在当当中查询图书 在豆瓣中查询图书


正题名:钢琴综合教程 二     索取号:J624.16/1-2         预约/预借

序号 登录号 条形码 馆藏地/架位号 状态 备注
1 0441009   201190843   样本书库/样006架B面1层1列/ [索取号:J624.16/1-2] 在馆    
2 0441010   201190852   中心书库中库/ 中库020架B面4列2层30/ [索取号:J624.16/1-2] 在馆    
3 0441011   201190861   中心书库中库/ 中库020架B面4列4层7/ [索取号:J624.16/1-2] 在馆    
4 0441012   201190870   中心书库中库/ 中库020架B面4列4层9/ [索取号:J624.16/1-2] 在馆    
5 0441013   201190889   中心书库中库/ 中库020架B面4列4层6/ [索取号:J624.16/1-2] 在馆    
6 0441014   201190898   中心书库中库/ 中库020架B面4列4层5/ [索取号:J624.16/1-2] 在馆    
山东省滨州职业学院图书馆 欢迎您!
大连网信软件有限公司© 版权所有